01892nam a22001577a 4500999001900000008004100019100005900060245008300119260002200202300003200224520132900256773002001585906001501605942000701620952010701627 c514405d514405201031b ||||| |||| 00| 0 eng d aMorgan, Sanchez Mayra and Winkler, Richelle L. 920563 aThe third shift?: Gender and empowerment in a women’s ecotourism cooperative a Rural Sociology  a85(1), Mar, 2020: p.137-164 aEcotourism is lauded as a path toward sustainable development and women’s empowerment in rural areas around the world, but little is known about how gendered expectations shape its processes and outcomes. This paper employs an in‐depth qualitative case study of a female‐only ecotourism cooperative in rural Mexico to investigate how local gender dynamics influence women’s opportunities to benefit from ecotourism development. Findings show that women’s family and work commitments prevent their ability to devote the resources and energy necessary to make the cooperative successful. In this context, women are first expected to be wives and mothers, and to fulfill the substantial daily expectations associated with those roles. In addition, most women work outside the home. This leaves little time or energy for a “third shift” as ecotourism entrepreneurs running their own cooperative. Women put their own interests and goals on the back burner, because of the demands of the first two shifts. If ecotourism is to empower women, localized gender structures must be understood and addressed. Overlooking these challenges can mean that ecotourism projects, even those specifically aimed at empowering women, may only further burden women and reinforce gender models that perpetuate inequality. -Reproduced  aRural Sociology aECOTOURISM cAR 00102ddc40709388414aIIPAbIIPAd2020-10-31h85(1), Mar, 2020: p.137-164pAR123411r2020-10-31yAR